=LDR 00000nam 2200000 4500 =001 INLIS000000000007982 =005 20130612095912 =008 ***********************************Ind** =035 ##$$0010-061300000007982 =041 ##$$a Ind =082 ##$$a 001.942 =090 ##$$a 001.942, Ben t =100 ##$$a Blundell, Nigel =245 ##$$a Terbesar di dunia misteri UFO, Nigel Blundell ; diindonesiakan, Ny. Somah Ratana Tansil =260 ##$$a 1991 $b Jakarta =300 ##$$a 251 hlm, 20 cm =650 ##$$a Piring terbang